La Jeepeta REMIX - Nio García, Brray, Juanka, Anuel AA, Myke Towers - Estadísticas

Estadísticas generales
  • Esta prueba ha sido intentada 54 veces
  • La puntuación promedio es 504 de 831
Estadísticas de respuestas
Letra % Correcto
a
100%
A
100%
G
96%
grande
96%
jeepeta
96%
L
96%
l
96%
la
96%
La
96%
rubia
96%
te
96%
teta
96%
Teta
96%
Arrebatao
92%
arrebatao
92%
E
92%
Las
92%
las
92%
los
92%
Los
92%
N
92%
que
92%
qué
92%
Qué
92%
se
92%
Se
92%
92%
vuelta
92%
dando
88%
en
88%
En
88%
lo
88%
o
88%
tiene
88%
Tiene
88%
U
88%
un
88%
y
88%
Y
88%
me
85%
Me
85%
meta
85%
mi
85%
Mi
85%
85%
Quiere
85%
tengo
85%
una
85%
Una
85%
no
81%
No
81%
Si
81%
si
81%
tetas
81%
yo
81%
Yo
81%
Al
77%
es
77%
Es
77%
na
77%
de
73%
De
73%
el
73%
El
73%
Anuel
69%
Con
69%
ella
69%
Ella
69%
lao
69%
Por
69%
por
69%
actitú
65%
Air
65%
Baby
65%
como
65%
new
65%
Pero
65%
pero
65%
son
65%
brand
62%
Esta
62%
Está
62%
esta
62%
está
62%
Force
62%
mío
62%
nos
62%
solo
62%
sólo
62%
to
62%
celamos
58%
culo
58%
Culo
58%
dia
58%
Ma
58%
nada
58%
noche
58%
Ozuna
58%
pa
58%
somos
58%
58%
58%
tu
58%
Wagon
58%
ya
58%
200
54%
combi
54%
Conmigo
54%
dice
54%
Dice
54%
hacemos
54%
Juan
54%
Lambo
54%
quiero
54%
revolú
54%
su
54%
ve
54%
vida
54%
4
50%
ayuna
50%
Chocha
50%
completa
50%
Esas
50%
eso
50%
estamo
50%
hago
50%
Mejor
50%
mejor
50%
mis
50%
moña
50%
monumento
50%
ni
50%
quieres
50%
sin
50%
verde
50%
and
46%
año
46%
condones
46%
conocer
46%
conocido
46%
dentro
46%
diablo
46%
ese
46%
esto
46%
intenciones
46%
perreo
46%
sexo
46%
tan
46%
toto
46%
andamos
42%
buscando
42%
cambian
42%
chicha
42%
del
42%
estamos
42%
fa
42%
Fumando
42%
guagua
42%
hambruna
42%
hotel
42%
le
42%
lluvia
42%
merece
42%
mía
42%
Millones
42%
mismas
42%
quítame
42%
sabes
42%
San
42%
siempre
42%
trae
42%
unas
42%
vamos
42%
bachillerato
38%
Bebé
38%
Bebe
38%
bolsillo
38%
cienes
38%
conoces
38%
flow
38%
Flow
38%
hachís
38%
Llevo
38%
Mami
38%
mami
38%
Real
38%
rica
38%
Sea
38%
sea
38%
compre
35%
espera
35%
mojes
35%
monto
35%
movie
35%
Movie
35%
razones
35%
sus
35%
tendrá
35%
veo
35%
viene
35%
4x4
31%
dame
31%
Estoy
31%
estoy
31%
hizo
31%
joseando
31%
Lilo
31%
manda
31%
manjar
31%
One
31%
pacas
31%
Par
31%
RealG
31%
semanal
31%
Stich
31%
allá
27%
atrevida
27%
cara
27%
casarme
27%
desenfoca
27%
desnuda
27%
disfrutarme
27%
Doo
27%
ere
27%
eres
27%
Ey
27%
Foot
27%
hacer
27%
hay
27%
Jam
27%
Locker
27%
Más
27%
más
27%
natural
27%
Nicky
27%
nota
27%
toca
27%
vas
27%
alcohol
23%
booty
23%
cualquiera
23%
cubana
23%
Dónde
23%
frenamos
23%
gusta
23%
Hasta
23%
hasta
23%
híbrida
23%
investigar
23%
Myke
23%
novio
23%
Prendemo
23%
quieren
23%
retratos
23%
teatro
23%
tímida
23%
24
19%
Bonnie
19%
Brray
19%
cambio
19%
chiche
19%
Clyde
19%
coloca
19%
deja
19%
despega
19%
encima
19%
final
19%
foreva
19%
identidad
19%
janguea
19%
Juanka
19%
jura
19%
llega
19%
ninguna
19%
Nio
19%
otro
19%
perder
19%
quien
19%
quizá
19%
Roberto
19%
tal
19%
Towers
19%
tres
19%
Trinidad
19%
vez
19%
acostumbró
15%
atrá
15%
baja
15%
canta
15%
Cavalli
15%
chambea
15%
conviene
15%
demonia
15%
están
15%
frontea
15%
ganar
15%
grandota
15%
guante
15%
imagino
15%
niega
15%
Nunca
15%
pida
15%
queremo
15%
rebota
15%
roca
15%
saca
15%
sky
15%
soy
15%
suben
15%
tabla
15%
zapato
15%
abajo
12%
así
12%
billón
12%
borre
12%
Cojo
12%
corre
12%
cosa
12%
entona
12%
entrega
12%
fea
12%
fumar
12%
fumo
12%
género
12%
habilidá
12%
Machinando
12%
mente
12%
mientra
12%
molly
12%
Muerte
12%
muestra
12%
pareja
12%
pega
12%
pichea
12%
procedo
12%
ride
12%
sabemo
12%
trata
12%
Uh
12%
uh
12%
vacilando
12%
vean
12%
brillan
8%
caer
8%
concedo
8%
costa
8%
diamante
8%
Dime
8%
dime
8%
enredo
8%
Evita
8%
Hoy
8%
jevito
8%
langosta
8%
mirarno
8%
pali
8%
phillie
8%
preventiva
8%
problema
8%
surfer
8%
trato
8%
vueltita
8%
alguien
4%
asiento
4%
bellaquera
4%
boogie
4%
Búsquese
4%
Cali
4%
conecté
4%
Cristale
4%
hecha
4%
high
4%
High
4%
intocables
4%
ite
4%
munchie
4%
nube
4%
prenda
4%
revoluce
4%
tiré
4%
trucka
4%
turbodiésel
4%
twerkea
4%
achocá
0%
Completita
0%
cuadre
0%
Goldi
0%
Iluminatis
0%
Mera
0%
sheesh
0%
Xound
0%
Yah
0%
yah
0%
No se encontraron pruebas coincidentes
Distribución de puntuación
Porcentaje de gente con cada puntuación
Porcentaje por número respondido
Historial de tus puntuaciones
No has intentado esta prueba.